| 000 | 00374nam a2200145Ia 4500 | ||
|---|---|---|---|
| 005 | 20251222144725.0 | ||
| 008 | 251222s9999||||xx |||||||||||||| ||spa|| | ||
| 020 | _a970-26-0009-X | ||
| 082 | _a001.420.5/K29 | ||
| 100 | _aKazdin, Alan E. | ||
| 245 | 0 | _aMétodos de investigación en psicología clínica | |
| 250 | _a3a.ed. | ||
| 264 | _bPearson Educación | ||
| 942 | _cLIB | ||
| 999 |
_c18358 _d18358 |
||